01358nam a22001457a 4500999001900000008004100019100005800060245007100118260003400189300003400223520080500257773003401062942000701096952010901103 c533195d533195260429b ||||| |||| 00| 0 eng d aTiwari, Rambooshan and Dixit, Shubham Narayan960312 aLimitations of the NCRB crime data in the context of Jabalpur city aEconomic & Political Weekly  a61(11), Mar 14, 2026: p.18-21 aThe National Crime Records Bureau’s annual report, “Crime in India,” includes crime data for states, districts, and metropolitan cities. The official crime data of metropolitan cities in India often overlook the complexities associated with the jurisdiction of police administration and urban local bodies, as well as their impact on the crime rate. For many cities, such as Jabalpur, the crime rates are often inaccurate due to jurisdiction-related issues, which may lead to over-counting of crime incidents and undercounting of crime rates. Crime researchers mostly ignore these discrepancies when quoting NCRB data to study urban crime and comparative analysis of crimes in cities. –Reproduced https://www.epw.in/journal/commentary/limitations-ncrb-crime-data-context-jabalpur-city.html  aEconomic & Political Weekly  cAR 00102ddc40709408366aIIPAbIIPAd2026-04-29h61(11), Mar 14, 2026: p.18-21pAR138707r2026-04-29yAR